000 00511nam a2200181 i 4500
001 96133
003 ES-MaACL
005 20240125063136.0
007 t|
008 050610s1910 sp ||||1| spa d
100 1 _aMadrazo, Pedro de,
_d1816-1898
_975340
245 1 0 _aCatálogo de los cuadros del Museo del Prado /
_cPedro de Madrazo.
250 _a10ª ed.
260 _aMadrid :
_bJ.Lacoste,
_c1910.
300 _a445 p. ;
_c19 cm.
852 _aES-MaACL
_jD-3463
999 _c96133
_d96133